Opravné položky k pohľadávkam, rezervy na pohľadávky, odpis nedobytnej pohľadávky

Oceňovanie pohľadávok podľa legislatívnej úpravy účtovníctva. Opravné položky k pohľadávkam. Nedobytné pohľadávky a ich odpísanie. Účtovanie odpísania nedobytnej pohľadávky.

Saved in:
Bibliographic Details
Main Author: Fľaková, Alica
Format: Book Chapter
Language:Slovak
Subjects:
Tags: Add Tag
No Tags, Be the first to tag this record!

MARC

LEADER 00000naa a2200000 4500
001 r035003
005 20230912113113.5
041 0 |a slo 
044 |a SK 
245 1 0 |a Opravné položky k pohľadávkam, rezervy na pohľadávky, odpis nedobytnej pohľadávky  |c Alica Fľaková 
520 |a Oceňovanie pohľadávok podľa legislatívnej úpravy účtovníctva. Opravné položky k pohľadávkam. Nedobytné pohľadávky a ich odpísanie. Účtovanie odpísania nedobytnej pohľadávky. 
610 2 0 |a pohľadávky 
610 2 0 |a položky opravné 
610 2 0 |a odpisy 
610 2 0 |a oceňovanie 
610 2 0 |a účtovanie 
610 2 0 |a rezervy 
100 1 |a Fľaková, Alica